| 000 | 01526cam a2200325 4500500 | ||
|---|---|---|---|
| 005 | 20251228052231.0 | ||
| 041 | _afre | ||
| 042 | _adc | ||
| 100 | 1 | 0 |
_aPetit, Jean-François _eauthor |
| 245 | 0 | 0 | _aSur Le « Phénomène Amical » |
| 260 | _c2010. | ||
| 500 | _a82 | ||
| 520 | _aRésuméDu point de vue de l’expérience commune, l’amitié se présente souvent comme un acte non prémédité, difficilement exprimable, dont on a du mal à rendre compte. Assurément, saint Augustin a été marqué par l’idéal antique de l’amitié. Sa vie a été parsemée de longues amitiés. Le récit de son itinéraire humain et spirituel, surtout à travers les Confessions, permet de voir ce qu’Augustin doit à la culture antique et la façon dont il lui confère un statut nouveau après sa conversion. Non seulement cette notion permet de décrire une expérience humaine riche, bien que pudique et discrète, mais elle révèle aussi la proximité de Dieu avec les hommes. | ||
| 690 | _aamitié | ||
| 690 | _aAristote | ||
| 690 | _aAugustin | ||
| 690 | _aautobiographie | ||
| 690 | _acharité | ||
| 690 | _aCicéron | ||
| 690 | _aconfession | ||
| 690 | _aconversion | ||
| 690 | _aDieu | ||
| 690 | _aéthique | ||
| 690 | _arécit | ||
| 690 | _asubjectivité | ||
| 690 | _asympathie | ||
| 690 | _avertu | ||
| 786 | 0 | _nTransversalités | 113 | 1 | 2010-03-01 | p. 47-63 | 1286-9449 | |
| 856 | 4 | 1 | _uhttps://shs.cairn.info/revue-transversalites-2010-1-page-47?lang=fr&redirect-ssocas=7080 |
| 999 |
_c1583123 _d1583123 |
||